[Event "Dosquebrad op"]
[Site "Dosquebrad"]
[Date "2013.06.22"]
[Round "7"]
[White "Saenz, Carlos"]
[Black "Delgado, Julian"]
[Result "0-1"]
[WhiteElo "1966"]
[BlackElo "1617"]
[PlyCount "50"]
[EventDate "2013.06.19"]
[EventType "swiss"]
[EventRounds "7"]
[EventCountry "COL"]
[SourceTitle "CBM 155 Extra"]
[Source "ChessBase"]
[SourceDate "2013.08.26"]
[SourceVersion "1"]
[SourceVersionDate "2013.08.26"]
[SourceQuality "1"]

1. d4 d5 2. c4 c5 3. dxc5 d4 4. e3 Nc6 5. exd4 Qxd4 6. Nf3 Qxd1+ 7. Kxd1 Bg4 8. Be2 0-0-0+ 9. Ke1 e5 10. Be3 Nf6 11. Nc3 h6 12. Rd1 Nb4 13. a3 Nc2+ 14. Kf1 Nxe3+ 15. fxe3 Bxc5 16. h3 Rxd1+ 17. Bxd1 Be6 18. Kf2 e4 19. Nd4 Bxc4 20. Bc2 Re8 21. Rd1 Bxd4 22. exd4 e3+ 23. Ke1 Nd5 24. Nxd5 Bxd5 25. g4 Bf3 0-1

[Event "Dosquebrad op"]
[Site "Dosquebrad"]
[Date "2013.06.21"]
[Round "5"]
[White "Piedrahita Marin, Guillermo"]
[Black "Delgado, Julian"]
[Result "1-0"]
[WhiteElo "1936"]
[BlackElo "1617"]
[PlyCount "79"]
[EventDate "2013.06.19"]
[EventType "swiss"]
[EventRounds "7"]
[EventCountry "COL"]
[SourceTitle "CBM 155 Extra"]
[Source "ChessBase"]
[SourceDate "2013.08.26"]
[SourceVersion "1"]
[SourceVersionDate "2013.08.26"]
[SourceQuality "1"]

1. e4 c5 2. Nf3 Nc6 3. d4 cxd4 4. Nxd4 g6 5. Nc3 Bg7 6. Be3 d6 7. Qd2 Nf6 8. f3 a6 9. 0-0-0 h5 10. Kb1 Qc7 11. Be2 Ne5 12. Bg5 b5 13. Bxf6 exf6 14. Bxb5+ axb5 15. Ndxb5 Qc6 16. Nxd6+ Kf8 17. f4 Nd7 18. Nxc8 Rxc8 19. Qxd7 f5 20. e5 h4 21. Qxc6 Rxc6 22. Rd8+ Ke7 23. Rxh8 Bxh8 24. g3 Rc4 25. Rd1 g5 26. a4 gxf4 27. gxf4 f6 28. Nd5+ Ke6 29. b3 Re4 30. exf6 Bxf6 31. a5 Bd4 32. Nc7+ Kf7 33. Nb5 Bc5 34. Rd5 Bb4 35. a6 Ke6 36. a7 Kxd5 37. a8Q+ Ke6 38. Qc6+ Ke7 39. Nc7 Kf7 40. Nd5 1-0

[Event "Dosquebrad op"]
[Site "Dosquebrad"]
[Date "2013.06.20"]
[Round "3"]
[White "Orjuela, Jhonathan"]
[Black "Delgado, Julian"]
[Result "0-1"]
[WhiteElo "2027"]
[BlackElo "1617"]
[PlyCount "118"]
[EventDate "2013.06.19"]
[EventType "swiss"]
[EventRounds "7"]
[EventCountry "COL"]
[SourceTitle "CBM 155 Extra"]
[Source "ChessBase"]
[SourceDate "2013.08.26"]
[SourceVersion "1"]
[SourceVersionDate "2013.08.26"]
[SourceQuality "1"]

1. d4 d5 2. Nf3 Nf6 3. c4 c6 4. Nc3 g6 5. Bf4 Bg7 6. e3 Nbd7 7. cxd5 Nxd5 8. Bg3 N7f6 9. Bd3 Qb6 10. a3 0-0 11. 0-0 Bg4 12. Na4 Qd8 13. h3 Bf5 14. Be2 Ne4 15. Bh2 Nb6 16. Nc3 Nd6 17. Ne5 Rc8 18. b4 Nd5 19. Nxd5 cxd5 20. Qb3 Bxe5 21. dxe5 Ne4 22. Rfc1 Nd2 23. Qd1 Nc4 24. Qd4 Qb6 25. Qxb6 Nxb6 26. Bf4 Bc2 27. Bg5 f6 28. Bh6 Rfd8 29. Bg4 f5 30. Be2 Bb3 31. Bg5 Kf7 32. g4 Ke6 33. Kg2 Nc4 34. Rc3 Nd2 35. Rd3 Ne4 36. Bxe7 Kxe7 37. Rxb3 Rc2 38. Re1 Rdc8 39. f3 Nc3 40. Kf1 Ke6 41. Bd3 Rd2 42. Be2 Kxe5 43. b5 b6 44. Rc1 d4 45. exd4+ Kxd4 46. Rb4+ Ke3 47. Bc4 Rd1+ 48. Rxd1 Nxd1 49. gxf5 gxf5 50. Be6 Rc5 51. Kg2 Nc3 52. Bc4 f4 53. h4 Rc7 54. a4 Rg7+ 55. Kh2 Rg3 56. Rb3 Kd4 57. Bf7 Rxf3 58. Bh5 Rf2+ 59. Kh3 Nd5 0-1